Marine geochemistry
Gorde:
| Egile Nagusiak: | , |
|---|---|
| Formatua: | Liburua |
| Hizkuntza: | ingelesa |
| Argitaratua: |
Berlín
Springer
2000
|
| Gaiak: | |
| Etiketak: |
Etiketa erantsi
Etiketarik gabe, Izan zaitez lehena erregistro honi etiketa jartzen!
|
MARC
| LEADER | 00000nam a2200000 a 4500 | ||
|---|---|---|---|
| 001 | UCM8467 | ||
| 003 | CL-VaPUC | ||
| 008 | 030314e20000000GW |||||||||||||||||eng|d | ||
| 082 | 0 | 4 | |a 551.46083 |b SCH |2 21 |
| 100 | 0 | |a Schulz, Horst D |e author |9 474527 | |
| 700 | 0 | |a Zabel, Matthias |e author |9 474528 | |
| 245 | 1 | 0 | |a Marine geochemistry |
| 300 | |a 455 p | ||
| 942 | |c BK | ||
| 945 | |d 20030314 00:00:00 |a cmena | ||
| 260 | |a Berlín |b Springer |c 2000 | ||
| 650 | 7 | |a OCEANOGRAFIA QUIMICA |2 CL-VaPUC |9 474529 | |
| 650 | 0 | |a Sedimentos marinos |9 260001 | |
| 650 | 7 | |a GEOQUIMICA |2 CL-VaPUC |9 306863 | |
| 650 | 0 | |a Geología submarina |9 259962 | |
| 583 | |a last modification |c 20030314 00:00:00 |k Rodrigo Vera | ||
| 999 | |c 302971 |d 302969 | ||
| 952 | |0 0 |1 0 |2 ddc |4 0 |6 551_460830000000000_SCH_2000 |7 0 |8 A |9 363858 |a BIBCUR |b BIBCUR |d 2019-11-21 |i 3882802 |l 2 |o 551.46083 SCH 2000 |p 3882802 |r 2025-04-22 |s 2022-10-11 |w 2019-11-21 |y BK |k CIM | ||
| 952 | |0 0 |1 0 |2 ddc |4 0 |6 551_460830000000000_SCH_2000 |7 0 |8 A |9 363859 |a BIBCUR |b BIBCUR |d 2019-11-21 |i 3901165 |o 551.46083 SCH 2000 |p 3901165 |r 2025-04-22 |w 2019-11-21 |y BK |k CIM | ||